| 000 | 02390nam a22003855i 4500 | ||
|---|---|---|---|
| 999 |
_c114542 _d114542 |
||
| 003 | BJBSDDR | ||
| 005 | 20230411090657.0 | ||
| 007 | ta | ||
| 008 | 180313s2018 sz 000 0 eng | ||
| 020 | _a9783319681634 | ||
| 020 | _a331968163X | ||
| 040 |
_aDLC _bspa _cDLC |
||
| 041 | _aeng | ||
| 042 | _apcc | ||
| 050 | 1 | 4 |
_aHM 846 _bC338s 2018 |
| 100 | 1 |
_aCashmore, Ellis, _d1949- |
|
| 245 | 1 | 0 |
_aScreen society / _cEllis Cashmore, Jamie Cleland, Kevin Dixon. |
| 264 | 1 |
_aCham, Switzerland : _bPalgrave Macmillan, _c2018. |
|
| 300 |
_a xvi, 262 pages ; _c21 cm. |
||
| 336 |
_atext _btxt _2rdacontent |
||
| 337 |
_aunmediated _bn _2rdamedia |
||
| 338 |
_avolume _bnc _2rdacarrier |
||
| 500 | _aTitre de l'écran-titre (visionné en 2018). | ||
| 504 | _aIncludes bibliographical references and index. | ||
| 505 | _a1. Introduction -- 2. History -- 3. Screenagers -- 4. Addiction -- 5. Politics -- 6. Children -- 7. Trolling -- 8. Gender -- 9. Gaming and Gambling -- 10. Health -- 11. Dating -- 12. Consumption -- 13. Privacy. | ||
| 520 | _aScreens have been with us since the eighteenth century, though we became accustomed to staring at them only after the appearance of film and television in the twentieth century. But there was nothing in film or TV that prepared us for the revolution wrought by the combination of screens and the internet. Society has been transformed and this book asks how and with what consequences? Screen Society's conclusions are based on an original research project conducted by scholars in the UK and Australia. The researchers designed their own research platform and elicited the thoughts and opinions of nearly 2000 participants, to draw together insights of today's society as seen by users of smartphones, tablets and computers - what the authors call Screenagers. The book issues challenges to accepted wisdom on many of the so-called problems associated with our persistent use of screen devices, including screen addiction, trolling, gaming and gambling. -- Publisher description. | ||
| 650 | 4 |
_91316 _aInternet _xAspectos sociales |
|
| 650 | 4 |
_94812 _aTecnología _xAspectos sociales |
|
| 650 | 4 |
_96007 _aMedios de comunicación de masas y cultura |
|
| 700 | 1 |
_912576 _aCleland, Jamie |
|
| 700 | 1 |
_912577 _aDixon, Kevin |
|
| 906 |
_a0 _bibc _corignew _d2 _eepcn _f20 _gy-gencatlg |
||
| 942 |
_2lcc _cBK |
||